[Event "Florianopolis op 10th"]
[Site "Florianopolis"]
[Date "2024.01.22"]
[Round "3"]
[White "Calcada, Lucas Galvan"]
[Black "De Souza, Felipe de Deus"]
[Result "1-0"]
[WhiteElo "1770"]
[BlackElo "1276"]
[PlyCount "59"]
[EventDate "2024.01.20"]
[EventType "swiss"]
[EventRounds "10"]
[EventCountry "BRA"]
[SourceTitle "CB05_2024"]
[SourceDate "2024.01.31"]
[SourceVersion "1"]
[SourceVersionDate "2024.01.31"]
[SourceQuality "1"]

1. Nf3 d5 2. c4 d4 3. e3 Nc6 4. exd4 Nxd4 5. Nxd4 Qxd4 6. d3 Nh6 7. Nc3 Nf5 8. Be2 e5 9. 0-0 g6 10. Nd5 Bd6 11. Be3 Qh4 12. g3 Qd8 13. Qd2 Nxe3 14. fxe3 f5 15. Qc3 Be6 16. Nf4 Qe7 17. c5 Bxc5 18. Qxe5 Kd7 19. Rac1 Bd6 20. Qb5+ Kc8 21. Bf3 Rb8 22. Nxe6 Qxe6 23. e4 fxe4 24. Bxe4 Qxa2 25. Bd5 a6 26. Rxc7+ Bxc7 27. Qc5 Qa4 28. Be6+ Kd8 29. Qd5+ Ke8 30. Bf7+ 1-0

[Event "Curitiba op"]
[Site "Curitiba"]
[Date "2023.04.01"]
[Round "3"]
[White "Calcada, Lucas Galvan"]
[Black "Marcondes, Igor Dalcol"]
[Result "1/2-1/2"]
[WhiteElo "1739"]
[BlackElo "1815"]
[PlyCount "118"]
[EventDate "2023.03.31"]
[EventType "swiss"]
[EventRounds "5"]
[EventCountry "BRA"]
[SourceTitle "EXT 2024"]
[Source "ChessBase"]
[SourceDate "2023.10.10"]
[SourceVersion "1"]
[SourceVersionDate "2023.10.10"]
[SourceQuality "1"]

1. Nf3 d5 2. c4 c6 3. e3 Nf6 4. Nc3 a6 5. d4 Bf5 6. cxd5 cxd5 7. Bd3 Bxd3 8. Qxd3 e6 9. 0-0 Bd6 10. Bd2 0-0 11. Rfc1 Nc6 12. Na4 Ne4 13. Nc5 Nxd2 14. Qxd2 Qe7 15. a3 Rfc8 16. b4 b6 17. Nd3 Rc7 18. Rc2 Rac8 19. Rac1 Na7 20. Rxc7 Rxc7 21. Qb2 h6 22. g3 Qd7 23. Nde5 Qc8 24. Rxc7 Qxc7 25. Nd2 Nb5 26. Nd3 Nc3 27. Kf1 h5 28. h4 g6 29. Qc2 Kg7 30. f4 f6 31. Nf3 Nb5 32. Qb2 Qc4 33. Nfe1 Nc3 34. Qc2 Ne4 35. Kg2 Nc3 36. Nf3 a5 37. Nd2 Qc7 38. bxa5 bxa5 39. Nc5 Bxc5 40. Qxc3 Bd6 41. Qxc7+ Bxc7 42. a4 Kf7 43. Kf3 Bd6 44. Nb3 Bb4 45. g4 Ke7 46. gxh5 gxh5 47. e4 dxe4+ 48. Kxe4 f5+ 49. Kd3 Kd6 50. Nd2 Kd5 51. Nc4 Be1 52. Ne3+ Kc6 53. Ng2 Bf2 54. Kc4 Bg3 55. Kd3 Bf2 56. Kc4 Bg1 57. Ne1 Bf2 58. Ng2 Bg3 59. Kd3 Bf2 1/2-1/2

[Event "Curitiba op"]
[Site "Curitiba"]
[Date "2023.03.31"]
[Round "1"]
[White "Calcada, Lucas Galvan"]
[Black "Medeiros, Jose Afonso"]
[Result "1-0"]
[WhiteElo "1739"]
[BlackElo "1155"]
[PlyCount "76"]
[EventDate "2023.03.31"]
[EventType "swiss"]
[EventRounds "5"]
[EventCountry "BRA"]
[SourceTitle "EXT 2024"]
[Source "ChessBase"]
[SourceDate "2023.10.10"]
[SourceVersion "1"]
[SourceVersionDate "2023.10.10"]
[SourceQuality "1"]

1. Nf3 d5 2. c4 Nf6 3. cxd5 Nxd5 4. Nc3 c5 5. g3 Nc6 6. Bg2 e6 7. 0-0 Be7 8. d4 0-0 9. e4 Nf6 10. dxc5 Qxd1 11. Rxd1 Bxc5 12. Bf4 e5 13. Bxe5 Nxe5 14. Nxe5 Ng4 15. Nxg4 Bxg4 16. Rd3 Rad8 17. Rxd8 Rxd8 18. Nd5 Re8 19. h3 Be2 20. Rc1 Bd4 21. Rc7 b5 22. b3 Bd3 23. Ne7+ Kf8 24. Nc6 Bb6 25. Rb7 Rc8 26. Nxa7 Rc1+ 27. Kh2 Bxf2 28. h4 Bxa7 29. Rxa7 Rc2 30. Kh3 g6 31. Rd7 Be2 32. a4 bxa4 33. bxa4 Ra2 34. Ra7 Bd3 35. a5 Bc4 36. Bf3 h5 37. g4 hxg4+ 38. Kxg4 Be6+ 1-0

[Event "Florianopolis op 9th"]
[Site "Florianopolis"]
[Date "2023.01.29"]
[Round "10"]
[White "Boabaid, Jorge Alberto Duard"]
[Black "Calcada, Lucas Galvan"]
[Result "0-1"]
[WhiteElo "1822"]
[BlackElo "1638"]
[PlyCount "92"]
[EventDate "2023.01.23"]
[EventType "swiss"]
[EventRounds "10"]
[EventCountry "BRA"]
[SourceTitle "CBM 212 Extra"]
[Source "ChessBase"]
[SourceDate "2023.03.31"]
[SourceVersion "1"]
[SourceVersionDate "2023.03.31"]
[SourceQuality "1"]

1. d4 d5 2. c4 e6 3. Nc3 c5 4. e3 Nc6 5. Nf3 Nf6 6. cxd5 exd5 7. Be2 c4 8. 0-0 Bb4 9. Qc2 0-0 10. Bd2 Bxc3 11. Bxc3 Ne4 12. Nd2 Bf5 13. Qd1 Qg5 14. Nf3 Qf6 15. h3 b5 16. Nh2 b4 17. Be1 a5 18. f3 Nd6 19. Ng4 Bxg4 20. fxg4 Qe7 21. Bf2 Ne4 22. Bf3 Rfe8 23. Bxe4 Qxe4 24. Qd2 Rac8 25. Rac1 Na7 26. a3 bxa3 27. bxa3 Nc6 28. Rb1 Rb8 29. Rbc1 Rb3 30. Rc3 Reb8 31. Rfc1 a4 32. Bg3 Rxc3 33. Rxc3 Rb3 34. Bd6 Rxc3 35. Qxc3 Qb1+ 36. Kh2 Qb3 37. Qe1 Qd3 38. Qc1 c3 39. e4 c2 40. exd5 Nxd4 41. Qe1 h6 42. Qe8+ Kh7 43. Bf4 Ne2 44. Bxh6 Qg3+ 45. Kh1 Qe1+ 46. Kh2 Qg1# 0-1

[Event "Florianopolis op 9th"]
[Site "Florianopolis"]
[Date "2023.01.26"]
[Round "6"]
[White "Calcada, Lucas Galvan"]
[Black "Schena, Arthur"]
[Result "0-1"]
[WhiteElo "1638"]
[BlackElo "1918"]
[PlyCount "84"]
[EventDate "2023.01.23"]
[EventType "swiss"]
[EventRounds "10"]
[EventCountry "BRA"]
[SourceTitle "CBM 212 Extra"]
[Source "ChessBase"]
[SourceDate "2023.03.31"]
[SourceVersion "1"]
[SourceVersionDate "2023.03.31"]
[SourceQuality "1"]

1. Nf3 Nf6 2. c4 g6 3. b4 Bg7 4. Bb2 0-0 5. g3 d6 6. Bg2 e5 7. d3 a5 8. b5 Nbd7 9. 0-0 a4 10. Na3 Nc5 11. Qc2 Bg4 12. h3 Bxf3 13. Bxf3 Qc8 14. Bg2 Ne6 15. e3 Nd7 16. Rad1 f5 17. d4 e4 18. f4 exf3 19. Bxf3 Nf6 20. Qg2 Rb8 21. Nb1 Ng5 22. Nc3 Nxf3+ 23. Qxf3 c6 24. Ba3 cxb5 25. Nxb5 Qxc4 26. Nxd6 Qxa2 27. Ra1 Qd5 28. Qxd5+ Nxd5 29. Kf2 Rfd8 30. Rab1 b6 31. Nb5 Nf6 32. Nc3 Rdc8 33. Bb4 Rxc3 34. Bxc3 Ne4+ 35. Kg2 Nxc3 36. Rb2 Nd5 37. Kf3 Re8 38. Re1 Bxd4 39. Rb5 Bc5 40. h4 Nb4 41. Rb1 Rxe3+ 42. Kg2 Rb3 0-1

[Event "Florianopolis op 9th"]
[Site "Florianopolis"]
[Date "2023.01.26"]
[Round "5"]
[White "Silveira, Leonardo Eleuterio"]
[Black "Calcada, Lucas Galvan"]
[Result "0-1"]
[WhiteElo "2124"]
[BlackElo "1638"]
[PlyCount "78"]
[EventDate "2023.01.23"]
[EventType "swiss"]
[EventRounds "10"]
[EventCountry "BRA"]
[SourceTitle "CBM 212 Extra"]
[Source "ChessBase"]
[SourceDate "2023.03.31"]
[SourceVersion "1"]
[SourceVersionDate "2023.03.31"]
[SourceQuality "1"]

1. d4 d5 2. c4 e6 3. Nf3 c5 4. e3 Nc6 5. Nc3 Nf6 6. Be2 cxd4 7. exd4 Be7 8. 0-0 0-0 9. Bg5 h6 10. Bh4 dxc4 11. Bxc4 Nd5 12. Bg3 Bf6 13. Ne4 Nb6 14. Nxf6+ Qxf6 15. Be5 Nxe5 16. dxe5 Qe7 17. Bb3 Rd8 18. Qe2 Bd7 19. Rfd1 Bc6 20. h3 Rxd1+ 21. Rxd1 Rd8 22. Rxd8+ Qxd8 23. Qe3 Bxf3 24. Qxf3 Qc7 25. Qe3 a6 26. f4 Qc6 27. Qd4 Qc7 28. Kf2 Nc8 29. h4 h5 30. Bd1 g6 31. Bb3 Qe7 32. Kg3 Qc7 33. Bd1 Ne7 34. Kh2 Nf5 35. Qf2 Qc1 36. Bb3 Ne3 37. Qf3 Ng4+ 38. Kh3 Qh1+ 39. Kg3 Qh2# 0-1

[Event "Rio Negrinho Froebel Cup"]
[Site "Rio Negrinho"]
[Date "2022.04.09"]
[Round "5"]
[White "Segato, Pedro Henrique Pedr"]
[Black "Calcada, Lucas Galvan"]
[Result "1-0"]
[WhiteElo "1957"]
[BlackElo "1614"]
[PlyCount "93"]
[EventDate "2022.04.08"]
[EventType "swiss"]
[EventRounds "6"]
[EventCountry "BRA"]
[SourceTitle "EXT 2023"]
[Source "ChessBase"]
[SourceDate "2022.10.05"]
[SourceVersion "1"]
[SourceVersionDate "2022.10.05"]
[SourceQuality "1"]

1. d4 d5 2. Bf4 Nf6 3. e3 e6 4. Nf3 Bd6 5. Bg3 0-0 6. Nbd2 c5 7. c3 Nc6 8. Bd3 Re8 9. Ne5 Qe7 10. 0-0 Bd7 11. f4 Rac8 12. Bh4 Rc7 13. Ng4 c4 14. Nxf6+ gxf6 15. Qg4+ Kh8 16. Qh5 cxd3 17. Qh6 Rg8 18. Bxf6+ Qxf6 19. Qxf6+ Rg7 20. Rf3 Be7 21. Qh6 Rc8 22. Rg3 Rxg3 23. hxg3 Rg8 24. Kf2 Nd8 25. Rh1 Rg7 26. Nf3 f5 27. Ne5 Be8 28. b3 b6 29. a4 a5 30. c4 dxc4 31. bxc4 Kg8 32. d5 Kh8 33. Nc6 Nxc6 34. dxc6 Bxc6 35. Qxe6 Bxa4 36. Qc8+ Rg8 37. Qxf5 Rg7 38. Qc8+ Rg8 39. Qc7 Rg7 40. Qb8+ Rg8 41. Qxb6 Bb4 42. c5 Bb3 43. Qf6+ Rg7 44. Rh5 Kg8 45. Qd8+ Kf7 46. Rf5+ Ke6 47. Rf6# 1-0

[Event "Timbo op 2nd"]
[Site "Timbo"]
[Date "2022.02.18"]
[Round "2"]
[White "Aranha Filho, Alvaro Zimmermann"]
[Black "Calcada, Lucas Galvan"]
[Result "1-0"]
[WhiteElo "2220"]
[BlackElo "1460"]
[PlyCount "87"]
[EventDate "2022.02.17"]
[EventType "swiss"]
[EventRounds "7"]
[EventCountry "BRA"]
[SourceTitle "EXT 2023"]
[Source "ChessBase"]
[SourceDate "2022.10.05"]
[SourceVersion "1"]
[SourceVersionDate "2022.10.05"]
[SourceQuality "1"]

1. d4 d5 2. c4 e6 3. Nc3 c5 4. e3 Nf6 5. Nf3 Nc6 6. a3 Be7 7. dxc5 Bxc5 8. b4 Be7 9. Bb2 dxc4 10. Qxd8+ Nxd8 11. Bxc4 Bd7 12. Ne5 Nc6 13. Nxd7 Nxd7 14. Ne4 0-0 15. Ke2 Nde5 16. Bb3 Ng6 17. Rac1 Rac8 18. Rc2 a6 19. Rhc1 Rc7 20. Ba4 Rfc8 21. Bxc6 Rxc6 22. Rxc6 Rxc6 23. Rxc6 bxc6 24. Bd4 Nf8 25. Bc5 Bd8 26. Bxf8 Kxf8 27. Kd3 Bb6 28. Nd6 Bc7 29. Nb7 Ke7 30. a4 Bb6 31. Kc4 h6 32. h3 g5 33. a5 Ba7 34. Nc5 Bxc5 35. Kxc5 Kd7 36. Kb6 f5 37. Kxa6 Kc7 38. b5 f4 39. b6+ Kb8 40. b7 fxe3 41. fxe3 c5 42. Kb6 c4 43. a6 c3 44. a7# 1-0

[Event "Rio Negrinho Froebel op"]
[Site "Rio Negrinho"]
[Date "2021.07.11"]
[Round "6"]
[White "De Castro Junior, Klever Riderson"]
[Black "Calcada, Lucas Galvan"]
[Result "1/2-1/2"]
[WhiteElo "1259"]
[BlackElo "1531"]
[PlyCount "126"]
[EventDate "2021.07.09"]
[EventType "swiss"]
[EventRounds "6"]
[EventCountry "BRA"]
[SourceTitle "EXT 2022"]
[Source "ChessBase"]
[SourceDate "2021.10.06"]
[SourceVersion "1"]
[SourceVersionDate "2021.10.06"]
[SourceQuality "1"]

1. e4 c5 2. Nf3 g6 3. c4 Bg7 4. g3 Nc6 5. Bg2 Nf6 6. Nc3 0-0 7. 0-0 d6 8. d3 Bd7 9. Re1 Rb8 10. e5 Ne8 11. exd6 Nxd6 12. Bf4 a6 13. Ne5 Nxe5 14. Bxe5 b5 15. Bxg7 Kxg7 16. b3 b4 17. Ne2 a5 18. d4 cxd4 19. Nxd4 a4 20. Bc6 Qc8 21. Bxd7 Qxd7 22. Nb5 Qc6 23. Nxd6 exd6 24. Qd4+ Kg8 25. Rad1 Rfd8 26. Qd5 Qxd5 27. Rxd5 a3 28. Red1 Rb6 29. c5 Rc6 30. Rxd6 Rdc8 31. Rxc6 Rxc6 32. Rc1 Kf8 33. Rc4 Ke7 34. Rxb4 Ra6 35. Rb7+ Ke8 36. c6 Rxc6 37. Ra7 Rc1+ 38. Kg2 Rb1 39. Rxa3 Rb2 40. Ra7 Kf8 41. g4 Kg7 42. g5 Kg8 43. h4 Kg7 44. Kg3 Kg8 45. Ra8+ Kg7 46. f4 Rb1 47. Rb8 Rg1+ 48. Kf2 Rg4 49. Kf3 Rxh4 50. b4 Rh3+ 51. Ke4 Ra3 52. b5 Rxa2 53. b6 Rb2 54. Kd5 Rd2+ 55. Kc6 Rc2+ 56. Kb7 Rb2 57. Rd8 Rb1 58. Rd6 Kf8 59. Kb8 Ke7 60. Rf6 Rb2 61. b7 Rb1 62. Rc6 Rd1 63. Rc7+ Kd8 1/2-1/2

[Event "Timbo op"]
[Site "Timbo"]
[Date "2021.06.13"]
[Round "5"]
[White "Rodio, Arthur Brunetto"]
[Black "Calcada, Lucas Galvan"]
[Result "0-1"]
[WhiteElo "1313"]
[BlackElo "1505"]
[PlyCount "38"]
[EventDate "2021.06.11"]
[EventType "swiss"]
[EventRounds "6"]
[EventCountry "BRA"]
[SourceTitle "EXT 2022"]
[Source "ChessBase"]
[SourceDate "2021.10.06"]
[SourceVersion "1"]
[SourceVersionDate "2021.10.06"]
[SourceQuality "1"]

1. e4 c5 2. Nf3 g6 3. d4 cxd4 4. Nxd4 Nc6 5. Nc3 Bg7 6. Nb3 Nf6 7. Be3 0-0 8. f3 d6 9. Qd2 Bd7 10. Bh6 a5 11. Be2 a4 12. Nd4 Bxh6 13. Qxh6 Nxd4 14. 0-0-0 Nxe2+ 15. Nxe2 a3 16. b3 Qc7 17. h4 Rfc8 18. Rd2 Bb5 19. Nd4 Qc3 0-1

[Event "Timbo op"]
[Site "Timbo"]
[Date "2021.02.20"]
[Round "4"]
[White "Nones, Vinicius Gabriel"]
[Black "Calcada, Lucas Galvan"]
[Result "0-1"]
[WhiteElo "1117"]
[BlackElo "1510"]
[PlyCount "88"]
[EventDate "2021.02.19"]
[EventType "swiss"]
[EventRounds "6"]
[EventCountry "BRA"]
[SourceTitle "EXT 2022"]
[Source "ChessBase"]
[SourceDate "2021.10.06"]
[SourceVersion "1"]
[SourceVersionDate "2021.10.06"]
[SourceQuality "1"]

1. d4 Nf6 2. e3 e6 3. c4 Bb4+ 4. Bd2 Qe7 5. Bd3 0-0 6. a3 Bxd2+ 7. Qxd2 d6 8. Nf3 Re8 9. 0-0 Nbd7 10. Nc3 e5 11. Bf5 Nb6 12. Bxc8 Raxc8 13. b3 Rcd8 14. Qc2 e4 15. Nd2 d5 16. c5 Nbd7 17. Ne2 c6 18. Ng3 Qe6 19. Nb1 Qg4 20. Nc3 Re6 21. Nce2 Ne8 22. h3 Qg5 23. Nf4 Rh6 24. Qe2 f5 25. b4 Nf8 26. a4 Ne6 27. Nxe6 Rxe6 28. Qh5 Qxh5 29. Nxh5 g5 30. Ng3 Ng7 31. Rae1 h5 32. Rd1 Rf8 33. Rde1 h4 34. Ne2 f4 35. Nc3 Rg6 36. Kh2 Nh5 37. Nd1 Rf7 38. Kg1 g4 39. Kh2 f3 40. Rg1 g3+ 41. Kh1 Rfg7 42. Ref1 gxf2 43. Rxf2 Ng3+ 44. Kh2 Ne2 0-1

[Event "Florianopolis op 6th"]
[Site "Florianopolis"]
[Date "2020.01.23"]
[Round "5"]
[White "Calcada, Lucas Galvan"]
[Black "Barbosa, Flavio Novais"]
[Result "0-1"]
[WhiteElo "1496"]
[BlackElo "1885"]
[PlyCount "80"]
[EventDate "2020.01.20"]
[EventType "swiss"]
[EventRounds "10"]
[EventCountry "BRA"]
[SourceTitle "CBM 194 Extra"]
[Source "ChessBase"]
[SourceDate "2020.03.31"]
[SourceVersion "1"]
[SourceVersionDate "2020.03.31"]
[SourceQuality "1"]

1. Nf3 Nf6 2. g3 d5 3. Bg2 g6 4. 0-0 Bg7 5. d4 0-0 6. c4 c6 7. Nc3 Nbd7 8. Ne5 dxc4 9. Nxc4 Nb6 10. Ne5 Ng4 11. Bf4 Nxe5 12. Bxe5 Bxe5 13. dxe5 Nc4 14. Qxd8 Rxd8 15. Rfd1 Be6 16. f4 Nxb2 17. Rxd8+ Rxd8 18. Bf3 Nc4 19. Rd1 Rxd1+ 20. Nxd1 Nd2 21. Nc3 Nxf3+ 22. exf3 b5 23. a3 Bd5 24. Kf2 Kf8 25. Ke3 Ke8 26. Nxd5 cxd5 27. Kd4 e6 28. Kc5 a6 29. g4 Ke7 30. f5 g5 31. f6+ Kd7 32. h3 h6 33. h4 gxh4 34. f4 h3 35. g5 hxg5 36. fxg5 h2 37. g6 fxg6 38. f7 Ke7 39. f8Q+ Kxf8 40. Kd6 h1Q 0-1

[Event "BRA-ch Regional Sul"]
[Site "Lages"]
[Date "2019.10.19"]
[Round "4"]
[White "Calcada, Lucas Galvan"]
[Black "Andrade, Eduarda"]
[Result "1-0"]
[WhiteElo "1438"]
[BlackElo "1788"]
[PlyCount "91"]
[EventDate "2019.10.18"]
[EventType "swiss"]
[EventRounds "5"]
[EventCountry "BRA"]
[SourceTitle "CBM 195 Extra"]
[Source "ChessBase"]
[SourceDate "2020.05.31"]
[SourceVersion "1"]
[SourceVersionDate "2020.05.31"]
[SourceQuality "1"]

1. Nf3 Nc6 2. c4 e5 3. d3 Bb4+ 4. Bd2 Bxd2+ 5. Qxd2 d6 6. g3 Nge7 7. Bg2 h6 8. 0-0 0-0 9. Nc3 a6 10. a3 Bg4 11. e3 Bxf3 12. Bxf3 Rb8 13. b4 b5 14. Nd5 bxc4 15. dxc4 Nxd5 16. Bxd5 Ne7 17. Bg2 Nf5 18. Qd3 Qf6 19. Rfb1 Rfd8 20. Qe2 Ne7 21. a4 c6 22. e4 d5 23. exd5 cxd5 24. c5 e4 25. b5 axb5 26. axb5 Nf5 27. Ra6 Nd4 28. Qd1 Qe5 29. b6 Ra8 30. Raa1 Rxa1 31. Rxa1 Kh7 32. Ra4 Ne6 33. c6 Qd6 34. Bxe4+ dxe4 35. Qxd6 Rxd6 36. b7 Rd8 37. Ra8 Rd1+ 38. Kg2 Rd2 39. b8Q e3 40. Qb1+ g6 41. Ra2 Rxa2 42. Qxa2 exf2 43. Qxf2 h5 44. Qxf7+ Kh6 45. Qxe6 Kg5 46. c7 1-0

[Event "BRA-ch Regional Sul"]
[Site "Lages"]
[Date "2019.10.18"]
[Round "1"]
[White "Morato, Saulo Duenas"]
[Black "Calcada, Lucas Galvan"]
[Result "0-1"]
[WhiteElo "1744"]
[BlackElo "1438"]
[PlyCount "94"]
[EventDate "2019.10.18"]
[EventType "swiss"]
[EventRounds "5"]
[EventCountry "BRA"]
[SourceTitle "CBM 195 Extra"]
[Source "ChessBase"]
[SourceDate "2020.05.31"]
[SourceVersion "1"]
[SourceVersionDate "2020.05.31"]
[SourceQuality "1"]

1. d4 Nf6 2. c4 g6 3. Nc3 Bg7 4. Nf3 0-0 5. Bg5 d6 6. e3 h6 7. Bh4 Nbd7 8. Bd3 c5 9. 0-0 cxd4 10. exd4 Nb6 11. Qb3 Bg4 12. Be2 Rc8 13. Nd2 Bxe2 14. Nxe2 Rc6 15. Rac1 Qc7 16. Rc3 Rc8 17. Rfc1 Nfd7 18. Bg3 e5 19. dxe5 Bxe5 20. Bxe5 Nxe5 21. Nd4 Rc5 22. Nb5 Qb8 23. Ne4 R5c6 24. Qb4 Rxc4 25. Rxc4 Nbxc4 26. Qc3 a6 27. Na3 b5 28. Nxc4 Rxc4 29. Qe3 Qc7 30. Rxc4 Qxc4 31. f4 Ng4 32. Qf3 Qc1+ 33. Qf1 Qe3+ 34. Nf2 Qxf4 35. Nxg4 Qxg4 36. Qf6 Qd1+ 37. Kf2 Qd2+ 38. Kg3 Qe3+ 39. Kh4 Qe4+ 40. Kg3 Qe5+ 41. Qxe5 dxe5 42. Kf3 f5 43. h3 g5 44. g4 f4 45. Ke4 Kf7 46. b4 Ke6 47. a3 Kd6 0-1

[Event "Florianopolis Winter op 5th"]
[Site "Florianopolis"]
[Date "2019.09.01"]
[Round "7"]
[White "Cezar, Ricardo de Almeida"]
[Black "Calcada, Lucas Galvan"]
[Result "0-1"]
[WhiteElo "1718"]
[BlackElo "1406"]
[PlyCount "39"]
[EventDate "2019.08.30"]
[EventType "swiss"]
[EventRounds "7"]
[EventCountry "BRA"]
[SourceTitle "EXT 2020"]
[Source "ChessBase"]
[SourceDate "2019.10.17"]
[SourceVersion "1"]
[SourceVersionDate "2019.10.17"]
[SourceQuality "1"]

1. d4 Nf6 2. c4 g6 3. Nc3 Bg7 4. e4 d6 5. Nf3 0-0 6. Be2 e5 7. 0-0 Nbd7 8. d5 a5 9. Qc2 Nc5 10. Be3 b6 11. b3 Ng4 12. Bxc5 bxc5 13. h3 Nf6 14. a3 Bd7 15. Bd3 Nh5 16. Nd2 Nf4 17. b4 cxb4 18. axb4 axb4 19. Nb5 Bxb5 20. cxb5 0-1

[Event "Sao Bento do Sul op 07"]
[Site "Sao Bento do Sul"]
[Date "2019.07.13"]
[Round "5"]
[White "Moraes, Maurino Anastacio"]
[Black "Calcada, Lucas Galvan"]
[Result "1/2-1/2"]
[WhiteElo "1572"]
[BlackElo "1362"]
[PlyCount "61"]
[EventDate "2019.07.12"]
[EventType "swiss"]
[EventRounds "7"]
[EventCountry "BRA"]
[SourceTitle "CBM 195 Extra"]
[Source "ChessBase"]
[SourceDate "2020.05.31"]
[SourceVersion "1"]
[SourceVersionDate "2020.05.31"]
[SourceQuality "1"]

1. b4 Nf6 2. Bb2 g6 3. c4 Bg7 4. e3 0-0 5. d4 d5 6. cxd5 Nxd5 7. a3 Re8 8. Bc4 Nb6 9. Ba2 Bd7 10. Nf3 Ba4 11. Qd2 Bc6 12. Qe2 a6 13. Nc3 N8d7 14. Rd1 e6 15. 0-0 Nd5 16. Rd2 N7b6 17. Rc1 Qe7 18. h3 Nxc3 19. Bxc3 Bb5 20. Qd1 Na4 21. Ba1 Nb6 22. Bb3 Bc6 23. Rc5 Nd7 24. Rc3 Nf6 25. Bc2 Nd5 26. Rc5 Bb5 27. Bd3 Bxd3 28. Rxd3 Rac8 29. Qc1 Bf8 30. e4 Nb6 31. Qf4 1/2-1/2

[Event "Sao Bento do Sul op 05"]
[Site "Sao Bento do Sul"]
[Date "2019.05.18"]
[Round "5"]
[White "Cunha, Gustavo Mengarda"]
[Black "Calcada, Lucas Galvan"]
[Result "0-1"]
[WhiteElo "1071"]
[BlackElo "1354"]
[PlyCount "39"]
[EventDate "2019.05.17"]
[EventType "swiss"]
[EventRounds "7"]
[EventCountry "BRA"]
[SourceTitle "CBM 195 Extra"]
[Source "ChessBase"]
[SourceDate "2020.05.31"]
[SourceVersion "1"]
[SourceVersionDate "2020.05.31"]
[SourceQuality "1"]

1. d4 Nf6 2. Nf3 g6 3. g3 Bg7 4. Bg2 0-0 5. c3 d5 6. 0-0 c5 7. e3 Nc6 8. Nbd2 cxd4 9. exd4 Bd7 10. Re1 Rc8 11. c4 dxc4 12. Nxc4 Nb4 13. b3 Bb5 14. Na3 Ba6 15. Nb1 Nc2 16. Ba3 Re8 17. Nfd2 Nd5 18. Bh3 Nc3 19. Qxc2 Ne2+ 20. Kg2 0-1